01331nam a2200337Ia 4500001001200000003000800012006001900020007001500039008004100054010001700095020001500112020001500127040002100142035002000163050002300183100002200206245013800228250001200366260003400378300002500412500004300437504006600480533015200546650002900698651004100727651003600768655002900804710001700833856012600850999001700976ebr10135638CaPaEBRm u cr cn|||||||||001010s2001 nyua sb 001 0 eng d z 00051472  z1403982155 z0312238940 aCaPaEBRcCaPaEBR a(OCoLC)7077380514aDS889b.G64 2001eb1 aGreen, Michael J.10aJapan's reluctant realismh[electronic resource] :bforeign policy challenges in an era of uncertain power /cMichael Jonathan Green. a1st ed. aNew York :bPalgrave,cc2001. aviii, 351 p. :bill. a"A Council on Foreign Relations book." aIncludes bibliographical references (p. [287]-336) and index. aElectronic reproduction.bPalo Alto, Calif. :cebrary,d2009.nAvailable via World Wide Web.nAccess may be limited to ebrary affiliated libraries. 0aInternational relations. 0aJapanxForeign relationsy1945-1989. 0aJapanxForeign relationsy1989- 7aElectronic books.2local2 aebrary, Inc.40uhttp://site.ebrary.com/lib/rucke/Doc?id=10135638zAn electronic book accessible through the World Wide Web; click to view c87554d87554